| 000 | 01774nam0a2200373 4500 | ||
|---|---|---|---|
| 001 | RU\NLR\bibl\1420073 | ||
| 005 | 20250615214115.0 | ||
| 010 |
_a978-5-7692-0985-7 _9200 |
||
| 021 |
_aRU _b2009-60126 _93710 |
||
| 035 | _a(nilc)RSL-KNO-004361931 | ||
| 035 | _a(NLR Aleph) 001412022 | ||
| 090 |
_a1288577 _c1288577 |
||
| 100 | _a20090717d2008 |||y0rusy50 ca | ||
| 101 | 0 |
_arus _deng |
|
| 102 | _aRU | ||
| 105 | _aa ||||||||| | ||
| 200 | 1 |
_aДинамика лесных пожаров _fГ. А. Доррер _gИн-т вычислительного моделирования, М-во образования и науки РФ, Федеральное агентство по образованию, Сибирский гос. технологический ун-т |
|
| 210 |
_aНовосибирск _cИзд-во Сибирского отделения Российской академии наук _d2008 |
||
| 215 |
_a403 с. _cил. _d21 |
||
| 300 | _aНа 4-й с. обл. авт.: Доррер Г.А., д.т.н., проф. | ||
| 300 | _aРез. на англ. яз. | ||
| 320 | _aБиблиогр.: с. 375-402 | ||
| 606 | 1 |
_aЛесные пожары _xРаспространение _xМатематическое моделирование _91475436 _3RU\NLR\auth\66627137 |
|
| 606 | 1 |
_aЛесные пожары _xБорьба с ними _xМатематическое моделирование _92122397 _3RU\NLR\auth\661281461 |
|
| 686 |
_aП348,07 _2rubbk |
||
| 686 | _aП348в641.0 | ||
| 700 | 1 |
_aДоррер _bГ. А. _gГеоргий Алексеевич _4070 |
|
| 801 | 0 |
_aRU _bРКП _c20090717 _grcr |
|
| 801 | 1 |
_aRU _bРГБ _c20090717 |
|
| 801 | 2 |
_aRU _bNLR _c20091006 _grcr |
|
| 830 | _aпо кн | ||
| 942 | _cBOOK | ||
| 980 | _aNB | ||